000 00669nmc a2200265 a 4500
003 AR-BaBNM
005 20251128211319.0
008 293120s2003 ||||||||||||||000 | spa||
020 _a987-1139-01-2
040 _cAR-BaBNM
100 1 _aLuxemburgo, Rosa
245 1 0 _aCrítica de la revolución rusa
260 _aBuenos Aires
_bQuadrata
_c2003
300 0 _a115 p.
490 0 _aEstroboscopia
650 4 _aPOLITICA
650 4 _aHISTORIA
650 4 _aMARXISMO
650 4 _aHISTORIA DE LAS IDEAS
650 4 _aABUSO DE PODER
700 1 _aAricó, José
_eprologuista
700 1 _aLukács, George
_eintroducción
942 _cBK
998 _cMariana
999 _c19116
_d19116